000
00366nam a2200133Ia 4500
008
151001s9999||||xx |||||||||||||| ||und||
100
_a
के वि बेलसरे
245
_a
आनंद साधना
250
_a
1
260
_b
बुकसेलर्स आणि पब्लिशर्स&
260
_c
1970
300
_a
160
365
_b
5.5
999
_c
954754
_d
954751